Exaktní metody rozhodování
Na minha lista:
| Autor principal: | |
|---|---|
| Formato: | Livro |
| Idioma: | tcheco |
| Publicado em: |
[Praha]
Professional Publishing
2023
|
| Edição: | 1. vydání |
| Assuntos: | |
| Tags: |
Sem tags, seja o primeiro a adicionar uma tag!
|
MARC
| LEADER | 00000nam a2200000 4500 | ||
|---|---|---|---|
| 001 | 0307908 | ||
| 005 | 20250611083600.8 | ||
| 020 | |a 978-80-88260-66-0 | ||
| 041 | 0 | |a cze | |
| 044 | |a CZ | ||
| 245 | 1 | 0 | |a Exaktní metody rozhodování |c František Zapletal |
| 250 | |a 1. vydání | ||
| 264 | 1 | |a [Praha] |b Professional Publishing |c 2023 | |
| 300 | |a 272 s. | ||
| 610 | 2 | 0 | |a rozhodovanie |
| 610 | 2 | 0 | |a metódy rozhodovania |
| 610 | 2 | 0 | |a rozhodovanie za neurčitosti |
| 100 | 1 | |a Zapletal, František | |